| 000 | 00405nam a2200157Ia 4500 | ||
|---|---|---|---|
| 005 | 20241014015029.0 | ||
| 008 | 240331s9999 xx 000 0 und d | ||
| 020 | _a9559504843 | ||
| 082 |
_bKAN _a820 |
||
| 100 | _aKannangara, E.T | ||
| 245 | 0 | _aLiterary contributions | |
| 260 |
_aColombo _bJournals in Sri Lanka and Foreign Countries _c1994 |
||
| 300 | _a61 p ., | ||
| 500 | _aShort Stories | ||
| 942 | _cL | ||
| 999 |
_c3176 _d3176 |
||